00556 2200229 4500001002100000005001500021035002000036245005800056100002600114250000700140300002900147260003500176082001000211084001600221020001800237600002600255990000900281990000900290990000900299990000900308990000900317INLIS00000000000005420251029123456 a0010-10250000401 aMenuliskan Kehidupan Ala SIG /cStefanus Iwan Gunawan0 aStefanus Iwan Gunawan a1. aviii + 96 hlm. ;c19 cm. aBandung :bYrama Widya,c2011. a113.8 a113.8 STE m a9789790774414 4aStefanus Iwan Gunawan a1941 a1938 a1939 a1940 a1942